Towar an ecumenical Christology for Asia (Registro nro. 70339)
[ vista simple ]
| 000 -LÍDER | |
|---|---|
| Campo fijo de descripción fija | 01808nab a2200253 i 4500 |
| 001 - NÚMERO DE CONTROL | |
| Campo de control | 768714001 |
| 003 - IDENTIFICADOR DEL NÚMERO DE CONTROL | |
| Campo de control | CO-MdFUSB |
| 005 - FECHA Y HORA DE LA ULTIMA TRANSACCIÓN | |
| control field | 20240624080705.0 |
| 008 - ELEMENTOS DE LONGITUD FIJA -- INFORMACIÓN GENERAL | |
| Campo fijo de descripción fija -- Información general | 240624t1994 us ||||| |||| 00| 0 eng d |
| 040 ## - FUENTE DE CATALOGACIÓN | |
| Idioma de catalogación | spa |
| Agencia que realiza la transcripción | CO-MdFUSB |
| Agencia que realiza la modificación | CO-MdFUSB |
| 041 ## - CÓDIGO DE IDIOMA | |
| Código de idioma para texto/pista de sonido o título separado | eng |
| 100 ## - ASIENTO PRINCIPAL--NOMBRE PERSONAL | |
| Nombre personal | Levison, John R., |
| Término relacionador | autor |
| 245 ## - TÍTULO | |
| Título | Towar an ecumenical Christology for Asia |
| Mención de responsabilidad | / John R. Levison and Priscilla Pope-Levison |
| 520 ## - NOTA DE RESUMEN, ETC. | |
| Nota de sumario, etc. | Los teólogos asiáticos reconocen que la teología asiática debe abordar dos cuestiones urgentes: la pobreza y la religiosidad. La mayoría de las cristologías asiáticas tienden a abordar una excluyendo la otra: el Cristo Cósmico abraza la religiosidad: Jesucristo Libertador confronta la pobreza: Jesús como dolor-amor de Dios consuela al que sufre. Las cristologías de MM Thomas y Aloysius Pieris, por el contrario, abordan tanto la pobreza como la religiosidad en Asia. En ambas cristologías la presencia de Cristo se extiende a la lucha de Asia por una nueva sociedad que tiene lugar más allá de los límites de la iglesia. Esta similitud no se debe, sin embargo, a puntos de partida cristológicos idénticos: Pieris comienza con el Jesús histórico de los evangelios sinópticos y Tomás con el Cristo Cósmico de Colosenses 1:15-20. Más bien, se debe al intento de ambos teólogos de abordar la pobreza y la religiosidad asiáticas. |
| 546 ## - NOTA DE IDIOMA | |
| Nota de idioma | Texto en inglés. |
| 650 #7 - ASIENTO SECUNDARIO DE MATERIA - TERMINO TEMÁTICO | |
| Término temático o nombre geográfico como elemento de entrada | Cristología |
| 9 (RLIN) | 239 |
| 650 #0 - ASIENTO SECUNDARIO DE MATERIA - TERMINO TEMÁTICO | |
| Término temático o nombre geográfico como elemento de entrada | Cristianismo y otras religiones |
| 9 (RLIN) | 1247 |
| 650 #7 - ASIENTO SECUNDARIO DE MATERIA - TERMINO TEMÁTICO | |
| Término temático o nombre geográfico como elemento de entrada | Iglesia |
| 9 (RLIN) | 655 |
| 650 #7 - ASIENTO SECUNDARIO DE MATERIA - TERMINO TEMÁTICO | |
| Término temático o nombre geográfico como elemento de entrada | Pobreza |
| 9 (RLIN) | 2466 |
| 700 ## - ENTR. SECUNDARIA - Nombre Personal (R) | |
| Nombre de persona | Pope-Levison, Priscilla, |
| Fechas | 1958- |
| Término indicativo de función | autor |
| 773 0# - ASIENTO DE ITEM FUENTE | |
| Biblionumber | 49486 |
| Itemnumber | 61125 |
| Lugar, editorial y fecha de publicación | Pasadena |
| Otro identificador del ítem | R0889 |
| Título | Missiology: |
| Número de control del registro | (CO-MdFUSB)97 |
| Parte(s) relacionada(s) / Volumen., número. (mes año), páginas | Volumen 22, (número 1, 1994) páginas: 3 - 18 |
| Enumeración y primera página | página: 3 |
| 942 ## - TIPO DE MATERIAL (KOHA) | |
| Tipo de Item KOHA | Artículos de Revista |
| 945 ## - INFORMACIÓN LOCAL DEL REGISTRO | |
| Catalogador | Catherine Arias Álvarez - Practicante SENA |
No hay ítems disponibles.
